A course in refrigeration and air-conditioning / (Record no. 18811)
[ view plain ]
| 000 -LEADER | |
|---|---|
| fixed length control field | 00903nam a22002537a 4500 |
| 005 - DATE AND TIME OF LATEST TRANSACTION | |
| control field | 20141222135548.0 |
| 008 - FIXED-LENGTH DATA ELEMENTS--GENERAL INFORMATION | |
| fixed length control field | 141222r20092014ii adk fr2 000 0 eng d |
| 040 ## - CATALOGING SOURCE | |
| Original cataloging agency | EG-ScBUE |
| 082 00 - DEWEY DECIMAL CLASSIFICATION NUMBER | |
| Edition number | 22 |
| Classification number | 621.56 |
| Item number | ARO |
| 100 0# - MAIN ENTRY--PERSONAL NAME | |
| Personal name | Arora S. C. |
| 9 (RLIN) | 37013 |
| 245 12 - TITLE STATEMENT | |
| Title | A course in refrigeration and air-conditioning / |
| Statement of responsibility, etc | by Arora, Domkundwar ; revised by A. V. Domkundwar. |
| 250 ## - EDITION STATEMENT | |
| Edition statement | 8th ed., |
| Remainder of edition statement | revised and enlarged ed., reprinted. |
| 260 ## - PUBLICATION, DISTRIBUTION, ETC. (IMPRINT) | |
| Place of publication, distribution, etc | New Delhi : |
| Name of publisher, distributor, etc | Dhanpat Rai & Co. (P) LTD, |
| Date of publication, distribution, etc | 2009. |
| 300 ## - PHYSICAL DESCRIPTION | |
| Extent | [Various pagings] : |
| Other physical details | charts, forms, tables ; |
| Dimensions | 24 cm. |
| 500 ## - GENERAL NOTE | |
| General note | Includes appendixes. |
| 500 ## - GENERAL NOTE | |
| General note | Reprint of the 2009 ed. |
| 650 #0 - SUBJECT ADDED ENTRY--TOPICAL TERM | |
| 9 (RLIN) | 5822 |
| Topical term or geographic name as entry element | Air conditioning |
| 650 #0 - SUBJECT ADDED ENTRY--TOPICAL TERM | |
| 9 (RLIN) | 5821 |
| Topical term or geographic name as entry element | Refrigeration and refrigerating machinery |
| 653 ## - INDEX TERM--UNCONTROLLED | |
| Resource For college | Engineering, Mechanical |
| Arrived date list | December2014 |
| 655 ## - INDEX TERM--GENRE/FORM | |
| Form subdivision | |
| -- | 33728 |
| 700 0# - ADDED ENTRY--PERSONAL NAME | |
| Personal name | Domkundwar S. |
| 9 (RLIN) | 37014 |
| 700 1# - ADDED ENTRY--PERSONAL NAME | |
| Personal name | Domkundwar, A. V. |
| 9 (RLIN) | 37015 |
| 942 ## - ADDED ENTRY ELEMENTS (KOHA) | |
| Source of classification or shelving scheme | Dewey Decimal Classification |
| Call number prefix | 621.56 ARO |
| Withdrawn status | Item status | Source of classification or shelving scheme | Damaged status | Not for loan | Vendor | Home library | Current library | Shelving location | Date acquired | Source of acquisition | Cost, normal purchase price | Total Checkouts | Full call number | Barcode | Date last seen | Cost, replacement price | Koha item type | Total Renewals | Date last borrowed |
|---|---|---|---|---|---|---|---|---|---|---|---|---|---|---|---|---|---|---|---|
| Dewey Decimal Classification | Baccah | Central Library | Central Library | First floor | 22/12/2014 | 260.00 | 621.56 ARO | 000037225 | 15/07/2025 | 325.00 | NB - Book (Non borrowing) | ||||||||
| Dewey Decimal Classification | Baccah | Central Library | Central Library | First floor | 22/12/2014 | 260.00 | 3 | 621.56 ARO | 000037226 | 15/07/2025 | 325.00 | Book - Borrowing | 16 | 25/10/2018 | |||||
| Dewey Decimal Classification | Baccah | Central Library | Central Library | First floor | 22/12/2014 | 260.00 | 4 | 621.56 ARO | 000037227 | 15/07/2025 | 325.00 | Book - Borrowing | 28 | 25/10/2018 |